00374nam a2200121Ia 4500003000400000005001700004008004100021040001800062041000800080100004900088245007900137260003600216OSt20260114101516.0211028s2012 xx 000 0 und d cAIMIT LIBRARY aeng aPinto, Ashok Kiran; Achar, Sumitha.g1016006 aAn analysis of drying time and space constraint at hh ceramics Mangalore / aMangalorebAchar, Sumithac2012